Every Class 3 California Senator - Statistics

General Stats
  • This quiz has been taken 34 times
  • The average score is 9 of 18
Answer Stats
Picture Hint Answer % Correct
D(2017-2021) Kamala Harris
100%
R(1950-1953) Richard Nixon
100%
D(2021-) Alex Padilla
90%
D(1993-2017) Barbara Boxer
80%
D(1969-1993) Alan Cranston
60%
D(1933-1938) William Gibbs McAdoo
50%
R(1885-1893) Leland Stanford
40%
D(1939-1950) Sheridan Downey
40%
R(1953-1969) Thomas H. Kuchel
40%
D(1938-1939) Thomas M. Storke
40%
R(1873-1879) Aaron A. Sargent
30%
R(1867-1873) Cornelius Cole
30%
R(1893-1915) George C. Perkins
30%
D(1861-1867) James A. McDougall
30%
D(1915-1921) James D. Phelan
30%
D(1879-1885) James T. Farley
30%
R(1921-1933) Samuel M. Shortridge
30%
D(1850-1861) William M. Gwin
30%
No matching quizzes found
Score Distribution
Percent of People with Each Score
Percentile by Number Answered
Your Score History
You have not taken this quiz